The Great Sporcle Cookbook Quiz Stats

 Plays Quiz Updated Jan 14, 2016

Support Sporcle.
Go Orange.
Score 0/20 Timer 06:00
4 Plays Today
% Correct
French Toast
94.6%
Beef Wellington
92.8%
Reuben Sandwich
92.7%
Pig in a Blanket
91.9%
Quiche
91.7%
Chow Mein
91.5%
Pickles
91.1%
Hummus
90.2%
Butter
89%
Pesto
88.6%
% Correct
Frosting
87.3%
Caprese Salad
87.2%
Pasta
87.1%
Caramel
86.1%
Fondue
86%
Ratatouille
84.3%
Risotto
84.2%
Pico de Gallo
82.3%
Chili
81.7%
Paella
81.5%

From the Vault

Overweight Countries

by Matt

In unrelated news, today is Fat Tuesday, the day before the fasting season of Lent in the Christian faith.
Remove Ads.
Support Sporcle.
Get the best of Sporcle when you Go Orange. This ad-free experience offers more features, more stats, and more fun while also helping to support Sporcle. Thank you for becoming a member.

Show Comments

Extras

Top Quizzes Today


Score Distribution

Your Account Isn't Verified!

In order to create a playlist on Sporcle, you need to verify the email address you used during registration. Go to your Sporcle Settings to finish the process.

Report this User

Report this user for behavior that violates our Community Guidelines.

Details: